Normal view
MARC view
Entry Personal Name
001 - CONTROL NUMBER
- control field: 12554
003 - CONTROL NUMBER IDENTIFIER
- control field: OSt
005 - DATE AND TIME OF LATEST TRANSACTION
- control field: 20180321132610.0
008 - FIXED-LENGTH DATA ELEMENTS
- fixed length control field: 180321|| aca||aabn | a|a d
040 ## - CATALOGING SOURCE
- Original cataloging agency: OSt
- Transcribing agency: OSt
100 ## - HEADING--PERSONAL NAME
- Personal name: Hulley, Stephen B. [et...al]
670 ## - SOURCE DATA FOUND
- Source citation: Work cat.: (OSt)4598: Hulley, Stephen B. [et...al], Designing Clinical Research:, 2001.
